000 00198 a2200097 4500
001 45998
100 _aBlack E
245 _aSporting scenes
260 _a
_bMethuen & Co
_c
090 _c29121
_d29121
942 _aNUST-CAE
_cM
_c21249
999 _c281071
_d281071